000 00662nam a2200277Ia 4500
005 20260324124901.0
008 008 260324s9999 xx 000 0 eng d
020 _a9780203878347
037 _aEBOOK
040 _aCRL
040 _beng
040 _cCRL
041 _2eng
041 _aeng
084 _qCRL
100 _aSununta Siengthai; Tim Andrews
_91175863
245 4 _aThe Changing Face of Management in Thailand
260 _bTaylor and Francis
260 _c2009
365 _a
365 _b300
856 _uhttp://www.taylorfrancis.com/books/9780203878347
942 _cEBOOK
999 _c1770648
_d1770648